000 00435pab a2200169 454500
008 180718b2007 xxu||||| |||| 00| 0 eng d
100 _aBanerjee, Sumanta
245 _aThirty years after the emergency
260 _c2007
300 _ap.3193-195.
362 _a4 Aug
650 _aIndia - Politics and government
650 _aPolitics and government
773 _aEconomic and Political Weekly
908 _aN
909 _a75499
999 _c75499
_d75499